Exposition minéralo-métallurgique de Madrid en 1883 : France : notices sur les cartes et ouvrages exposés par le Ministère des travaux publics. (Record no. 190222)

MARC details
000 -LEADER
campo de control de longitud fija 00612nam a2200145 i 4500
001 - NÚMERO DE CONTROL
campo de control 190222
003 - IDENTIFICADOR DE NÚMERO DE CONTROL
campo de control ES-MaACL
005 - FECHA Y HORA DE LA ÚLTIMA TRANSACCIÓN
campo de control 20230906223653.0
008 - DATOS DE LONGITUD FIJA--INFORMACIÓN GENERAL
campo de control de longitud fija 200917s1883 fr |||| | fre d
111 2# - ENTRADA PRINCIPAL--NOMBRE DE CONGRESO/REUNIÓN
Nombre de congreso/reunión o jurisdicción como elemento de entrada Exposición Nacional de Minería, Artes Metalúrgicas, Cerámica, Cristalería y Aguas Minerales (
Fecha del congreso o de la firma del tratado 1883.
Sede del congreso/Lugar de la reunión Madrid)
9 (RLIN) 707
245 10 - MENCIÓN DEL TÍTULO
Título Exposition minéralo-métallurgique de Madrid en 1883 : France : notices sur les cartes et ouvrages exposés par le Ministère des travaux publics.
260 ## - PUBLICACIÓN, DISTRIBUCIÓN, ETC.
Lugar de publicación, distribución, etc. Paris :
Nombre del editor, distribuidor, etc. Imprimerie Nationale,
Fecha de publicación, distribución, etc. 1883.
300 ## - DESCRIPCIÓN FÍSICA
Extensión 137 p. :
Otras características físicas il. ;
Dimensiones cm.
852 ## - LOCALIZACIÓN
Ubicación ES-MaACL
Número de control de estantería T-904-F-14
Holdings
Estatus retirado Estado de pérdida Estado de daño No para préstamo Colección Biblioteca de origen Biblioteca actual Ubicación en estantería Fecha de adquisición Fuente de adquisición Total de préstamos Signatura topográfica completa Código de barras Visto por última vez Precio de reemplazo Tipo de ítem Koha
        Colección de folletos Biblioteca del Ateneo de Madrid Biblioteca del Ateneo de Madrid Depósito folletos 22/05/2005     T-904-F-14 1202016 23/02/2023 23/02/2023 Folleto